Normal view
MARC view
- Industrial & Manufacturing Engineering - MS Thesis.
Entry Personal Name
001 - CONTROL NUMBER
- control field: 15683
003 - CONTROL NUMBER IDENTIFIER
- control field: NUST
005 - DATE AND TIME OF LATEST TRANSACTION
- control field: 20190627053512.0
008 - FIXED-LENGTH DATA ELEMENTS
- fixed length control field: 190627|| aca||aabn | a|a d
040 ## - CATALOGING SOURCE
- Original cataloging agency: NUST
- Transcribing agency: NUST
100 ## - HEADING--PERSONAL NAME
- Personal name: Industrial & Manufacturing Engineering - MS Thesis.
670 ## - SOURCE DATA FOUND
- Source citation: Work cat.: (NUST): Muhammad Tayyab. 15654, Experimental Investigation of Optimized Parameters for Open Hole Compression Strength of Carbon Epoxy Composite & Determination of Localized Strains Using Digital Image Correlation Technique., 2014
